skbl

Dr Suryya Kumar Bhuyan Library Web-OPAC
ডঃ সূৰ্য্য
কুমাৰ ভূঞা পুথিভঁৰাল ৱেব-অ'পেক

All Research Scholars are advised to clear the annual library fees to continue using Library Resources, Remote Access, Plagiarism Test and Library Clearance.

Cotton University Book Fair 2026

A Text Book of Modern Plant Pathology / (Record no. 43)

MARC details
000 -LEADER
fixed length control field 00669nam a2200217Ia 4500
001 - CONTROL NUMBER
control field 43
008 - FIXED-LENGTH DATA ELEMENTS--GENERAL INFORMATION
fixed length control field 201111s1985 ii a g b000 u 465 u
082 ## - DEWEY DECIMAL CLASSIFICATION NUMBER
Classification number 581.2
100 ## - MAIN ENTRY--PERSONAL NAME
Personal name Bilgrami, K.S. .
245 #0 - TITLE STATEMENT
Title A Text Book of Modern Plant Pathology /
Statement of responsibility, etc. K.S. Bilgrami & H.C.Dube.
Medium Textual Documents
250 ## - EDITION STATEMENT
Edition statement 1st ed /
260 ## - PUBLICATION, DISTRIBUTION, ETC.
Place of publication, distribution, etc. New Delhi :
Name of publisher, distributor, etc. Vikas Publishing House ,
Date of publication, distribution, etc. 1985.
300 ## - PHYSICAL DESCRIPTION
Extent 344p. :
Other physical details ill ;
Dimensions 22cm. .
504 ## - BIBLIOGRAPHY, ETC. NOTE
Bibliography, etc. note Index
653 ## - INDEX TERM--UNCONTROLLED
Uncontrolled term Botany
653 ## - INDEX TERM--UNCONTROLLED
Uncontrolled term Plant Pathology
653 ## - INDEX TERM--UNCONTROLLED
Uncontrolled term Deptt.-Botany
700 ## - ADDED ENTRY--PERSONAL NAME
Personal name Dube, H.C. .
856 ## - ELECTRONIC LOCATION AND ACCESS
Uniform Resource Identifier <a href="Acc no--- 040/Bot Has been Replaced As Plant Pathology by the Authority due to lost of books">Acc no--- 040/Bot Has been Replaced As Plant Pathology by the Authority due to lost of books</a>
942 ## - ADDED ENTRY ELEMENTS (KOHA)
Source of classification or shelving scheme Dewey Decimal Classification
Koha item type Books
Holdings
Withdrawn status Lost status Damaged status Not for loan Home library Current library Date acquired Coded location qualifier Cost, normal purchase price Total checkouts Full call number Barcode Date last seen Copy number Price effective from Koha item type
        Dr. Suryya Kumar Bhuyan Library Dr. Suryya Kumar Bhuyan Library 01/02/2012 00000 35.00   581.2 Bi 49 Te 875/Bot 13/01/2024 6 01/02/2012 Books
        Dr. Suryya Kumar Bhuyan Library Dr. Suryya Kumar Bhuyan Library 01/02/2012 00000 35.00   581.2 Bi 49 Te 040/Bot 13/01/2024 1 01/02/2012 Books
        Dr. Suryya Kumar Bhuyan Library Dr. Suryya Kumar Bhuyan Library 01/02/2012 00000 35.00   581.2 Bi 49 Te 041/Bot 13/01/2024 2 01/02/2012 Books
        Dr. Suryya Kumar Bhuyan Library Dr. Suryya Kumar Bhuyan Library 01/02/2012 00000 35.00   581.2 Bi 49 Te 694/Bot 13/01/2024 5 01/02/2012 Books
        Dr. Suryya Kumar Bhuyan Library Dr. Suryya Kumar Bhuyan Library 01/02/2012 00000 35.00   581.2 Bi 49 Te 78175 13/01/2024 4 01/02/2012 Books
        Dr. Suryya Kumar Bhuyan Library Dr. Suryya Kumar Bhuyan Library 01/02/2012 00000 35.00   581.2 Bi 49 Te 84081 13/01/2024 3 01/02/2012 Books

Designed and Maintained by Team SKBL
©1901-2026

Powered by Koha